| 000 | 00503nam a22001817a 4500 | ||
|---|---|---|---|
| 005 | 20251209144308.0 | ||
| 008 | 251209b |||||||| |||| 00| 0 eng d | ||
| 020 | _a978-93-5443-832-5 | ||
| 050 | _aHD 2741.D37 2025 | ||
| 100 | _aDAS SUBHASH CHANDRA | ||
| 245 | _aCORPORATE GOVERNANCE IN INDIA AN EVALUATION | ||
| 250 | _a6th | ||
| 260 |
_aINDIA _bPHI LEARNING PRIVATE LIMITED _c2025 |
||
| 300 | _aX,452 | ||
| 500 | _aINCLUDES AN INDEX | ||
| 650 | _aCorporate governance india | ||
| 942 |
_2lcc _cBK |
||
| 999 |
_c216347 _d216347 |
||